[Event "Chess.com Classic Play In"]
[Site "Chess.com INT"]
[Date "2025.05.19"]
[Round "2"]
[White "Rakhmanov, Alexander"]
[Black "Gharibyan, Mamikon"]
[Result "0-1"]
[WhiteElo "2585"]
[BlackElo "2472"]
[PlyCount "136"]
[EventDate "2025.05.19"]
[EventType "swiss (blitz)"]
[EventRounds "9"]
[EventCountry "USA"]
[SourceTitle "CB21_2025"]
[SourceDate "2025.05.21"]
[SourceVersion "1"]
[SourceVersionDate "2025.05.21"]
[SourceQuality "1"]

1. c4 e5 2. Nf3 Nc6 3. d4 exd4 4. Nxd4 Bc5 5. Nb3 Bb4+ 6. Bd2 a5 7. a3 Bxd2+ 8. Qxd2 a4 9. Nd4 Nf6 10. Nc3 0-0 11. e3 b6 12. Be2 Bb7 13. 0-0 Re8 14. Rfd1 Nxd4 15. Qxd4 d6 16. Rac1 Nd7 17. Nd5 Nc5 18. Qf4 Bc6 19. Bf3 Bd7 20. h4 h6 21. Qg3 Ra7 22. Qf4 Ne6 23. Qh2 Nc5 24. Qg3 Ra5 25. Be2 Re4 26. Rd4 Bf5 27. Bf3 Re5 28. Rcd1 Ne6 29. R4d2 Rc5 30. Nb4 Qe8 31. Bd5 Be4 32. f4 Rexd5 33. cxd5 Nf8 34. Rd4 f5 35. Nd3 Rxd5 36. Nf2 Rxd4 37. exd4 Bd5 38. Rc1 Ne6 39. Kh2 Qh5 40. Nh3 Qe2 41. Re1 Qd2 42. h5 Qxd4 43. Qg6 Qf6 44. Qxf6 gxf6 45. Kg3 Kf7 46. Nf2 Nd4 47. Kh3 c5 48. g4 Be6 49. gxf5 Bxf5+ 50. Kg3 Be6 51. Ng4 Nf5+ 52. Kf3 d5 53. Ne3 Nd6 54. f5 Nxf5 55. Nxf5 Bxf5 56. Kf4 Be4 57. Rg1 c4 58. Re1 Ke6 59. Ke3 Ke5 60. Kd2 d4 61. Rg1 f5 62. Rg8 Kf4 63. Rh8 Kg3 64. Rb8 f4 65. Rxb6 f3 66. Rxh6 f2 67. Rf6 Bf3 68. Rg6+ Bg4 0-1

[Event "Chess.com Classic Play In"]
[Site "Chess.com INT"]
[Date "2025.05.19"]
[Round "7"]
[White "Tsydypov, Zhamsaran"]
[Black "Rakhmanov, Alexander"]
[Result "1-0"]
[WhiteElo "2514"]
[BlackElo "2585"]
[PlyCount "137"]
[EventDate "2025.05.19"]
[EventType "swiss (blitz)"]
[EventRounds "9"]
[EventCountry "USA"]
[SourceTitle "CB21_2025"]
[SourceDate "2025.05.21"]
[SourceVersion "1"]
[SourceVersionDate "2025.05.21"]
[SourceQuality "1"]

1. e4 d5 2. exd5 Qxd5 3. Nc3 Qd8 4. d4 Nf6 5. Nf3 Bg4 6. h3 Bxf3 7. Qxf3 c6 8. Be3 e6 9. a3 Nbd7 10. Bd3 g6 11. 0-0-0 Qa5 12. Bd2 Qb6 13. g4 Bg7 14. Be3 Nd5 15. Nxd5 cxd5 16. Kb1 Rc8 17. h4 h5 18. gxh5 Rxh5 19. Rhg1 Nf8 20. Rh1 a6 21. Qg4 Bf6 22. Bg5 Bxd4 23. b4 Bh8 24. Rhe1 Rc3 25. Bc1 Qxf2 26. Rf1 Qxh4 27. Qe2 Qh2 28. Qf3 Rf5 29. Qe3 Rxf1 30. Rxf1 Rc8 31. Qf3 Qc7 32. c4 dxc4 33. Be4 c3 34. Bc2 f5 35. Re1 Kf7 36. Bf4 Qc6 37. Qd3 Bg7 38. Rd1 Re8 39. Qe3 Qc8 40. Bg5 Nh7 41. Bh4 Nf6 42. Qg3 Ng4 43. Rf1 Kg8 44. Bg5 Qc4 45. Rd1 a5 46. Qd6 axb4 47. Qd7 Qc6 48. axb4 Qxd7 49. Rxd7 b5 50. Rb7 Bd4 51. Rxb5 Be3 52. Bh4 g5 53. Be1 Bd2 54. Bg3 f4 55. Rxg5+ Kf7 56. Rxg4 fxg3 57. Bg6+ Ke7 58. Bxe8 Kxe8 59. Kc2 Kd7 60. Rxg3 Kc6 61. Kb3 e5 62. Rg4 Kd5 63. b5 e4 64. b6 e3 65. b7 e2 66. b8Q e1Q 67. Qb5+ Ke6 68. Rg6+ Kf7 69. Qf5+ 1-0

[Event "Chessable Masters Play In"]
[Site "Chess.com INT"]
[Date "2025.02.17"]
[Round "1"]
[White "Lazavik, Denis"]
[Black "Rakhmanov, Alexander"]
[Result "1/2-1/2"]
[WhiteElo "2572"]
[BlackElo "2585"]
[PlyCount "98"]
[EventDate "2025.02.17"]
[EventType "swiss (blitz)"]
[EventRounds "9"]
[EventCountry "USA"]
[SourceTitle "CB08_2025"]
[SourceDate "2025.02.19"]
[SourceVersion "1"]
[SourceVersionDate "2025.02.19"]
[SourceQuality "1"]

1. d4 Nf6 2. c4 d6 3. Nf3 g6 4. Nc3 Bf5 5. Qb3 Qc8 6. c5 Bg7 7. Ng5 0-0 8. e4 Bd7 9. Bc4 e6 10. e5 dxe5 11. dxe5 Ng4 12. f4 Nc6 13. Qd1 Nh6 14. 0-0 Rd8 15. Qe1 Be8 16. h3 Nd4 17. Qf2 b5 18. Bd3 Bc6 19. Be4 Qb7 20. g4 b4 21. Bxc6 Qxc6 22. Nce4 b3 23. axb3 Nxb3 24. Ra3 Rd3 25. Be3 a5 26. Nc3 a4 27. Nge4 Kh8 28. Qe2 Rdd8 29. Qc4 Ng8 30. Rxa4 Rxa4 31. Qxa4 Qxa4 32. Nxa4 Ne7 33. Nac3 Kg8 34. Kf2 Nc6 35. Rd1 Rxd1 36. Nxd1 Kf8 37. Ke2 Nb4 38. Nd2 Nc1+ 39. Kf3 Ke8 40. Ne4 Nb3 41. h4 Kd7 42. h5 gxh5 43. gxh5 h6 44. Ke2 Kc6 45. Ndc3 Bf8 46. Na4 Kb5 47. Nac3+ Kc6 48. Na4 Kb5 49. Nac3+ Kc6 1/2-1/2

[Event "Wch Blitz"]
[Site "New York"]
[Date "2024.12.30"]
[Round "1"]
[White "Amartuvshin, Ganzorig"]
[Black "Rakhmanov, Alexander"]
[Result "0-1"]
[WhiteElo "2392"]
[BlackElo "2585"]
[PlyCount "128"]
[EventDate "2024.12.30"]
[EventType "swiss (blitz)"]
[EventRounds "13"]
[EventCountry "USA"]
[SourceTitle "CB01_2025"]
[SourceDate "2025.01.01"]
[SourceVersion "1"]
[SourceVersionDate "2025.01.01"]
[SourceQuality "1"]

1. d4 Nf6 2. c4 d6 3. Nc3 e5 4. d5 Bf5 5. e3 Nbd7 6. Nge2 e4 7. Nd4 Bg6 8. Be2 h5 9. b3 Be7 10. Bb2 a6 11. Qd2 Ne5 12. f4 exf3 13. gxf3 Nfd7 14. 0-0-0 Nc5 15. Rhg1 Ncd3+ 16. Bxd3 Nxd3+ 17. Kb1 Nxb2+ 18. Kxb2 Bf6 19. f4 Qe7 20. e4 0-0-0 21. Rxg6 fxg6 22. Ne6 Rde8 23. Qe3 Bxc3+ 24. Qxc3 Qf7 25. e5 dxe5 26. fxe5 Rxe6 27. dxe6 Qxe6 28. Qe3 Kb8 29. h4 Re8 30. Ka3 Qe7+ 31. c5 Ka7 32. Re1 Qxh4 33. c6+ b6 34. e6 Qe7+ 35. Kb2 h4 36. Kb1 Qf6 37. e7 Qxc6 38. Qe5 Qd6 39. Qxg7 h3 40. Qf7 Qd3+ 41. Kc1 Qd7 42. Qxg6 Rxe7 43. Rd1 Qe8 44. Qg3 Qc6+ 45. Kb2 Qf6+ 46. Kb1 Qf5+ 47. Kc1 Rh7 48. Rd2 Qf6 49. Kb1 Qf5+ 50. Kc1 Qe4 51. Rc2 Qe7 52. Kb1 Qd7 53. Kc1 a5 54. Kb1 Qe7 55. Kc1 Qg7 56. Qh2 Qa1+ 57. Kd2 Rd7+ 58. Ke3 Qe1+ 59. Kf4 Rf7+ 60. Kg5 Qe7+ 61. Kg6 Qf6+ 62. Kh5 Rh7+ 63. Kg4 Rh4+ 64. Kg3 Qf4# 0-1

[Event "Wch Blitz"]
[Site "New York"]
[Date "2024.12.30"]
[Round "4"]
[White "Rakhmanov, Alexander"]
[Black "Bortnyk, Olexandr"]
[Result "0-1"]
[WhiteElo "2585"]
[BlackElo "2603"]
[PlyCount "140"]
[EventDate "2024.12.30"]
[EventType "swiss (blitz)"]
[EventRounds "13"]
[EventCountry "USA"]
[SourceTitle "CB01_2025"]
[SourceDate "2025.01.01"]
[SourceVersion "1"]
[SourceVersionDate "2025.01.01"]
[SourceQuality "1"]

1. c4 d6 2. Nc3 Nf6 3. g3 g6 4. Bg2 Bg7 5. d3 0-0 6. h3 a5 7. e4 c6 8. Nge2 Na6 9. 0-0 Rb8 10. a4 Nb4 11. f4 Nd7 12. Be3 e5 13. f5 Nc5 14. Nc1 b6 15. g4 d5 16. cxd5 cxd5 17. exd5 Bb7 18. Bxc5 bxc5 19. Qf3 Nc2 20. Rb1 Nd4 21. Qe4 gxf5 22. gxf5 Kh8 23. N1e2 Rg8 24. Kh1 Ba6 25. Nxd4 cxd4 26. Nb5 Bxb5 27. axb5 Rxb5 28. f6 Bxf6 29. Qf5 Rg6 30. Be4 Rxd5 31. Rbc1 Kg7 32. Rc8 Qd7 33. Bxd5 Qxd5+ 34. Qf3 Qxf3+ 35. Rxf3 Be7 36. Rc7 Re6 37. Kg2 Kg6 38. Rg3+ Kh6 39. Rf3 Kg6 40. Rg3+ Kh6 41. Rf3 f6 42. Rc8 Kg6 43. Rg3+ Kh6 44. Rf3 Rb6 45. Rf2 Kg6 46. Rg8+ Kf7 47. Rc8 Rb3 48. Rd2 Bb4 49. Rc7+ Ke6 50. Rd1 Rxb2+ 51. Kf3 h5 52. Ra7 Kf5 53. Rf1 h4 54. Rh7 Rd2 55. Rxh4 a4 56. Rh8 a3 57. Ra8 Rxd3+ 58. Ke2+ Ke4 59. Rxf6 Re3+ 60. Kf2 Rxh3 61. Rfa6 Rh2+ 62. Kg3 Rb2 63. Re8 a2 64. Rea8 d3 65. Rxa2 Rxa2 66. Rxa2 d2 67. Ra1 Ke3 68. Kg4 Ke2 69. Kf5 Bc3 70. Ra2 Ke1 0-1

[Event "Wch Blitz"]
[Site "New York"]
[Date "2024.12.30"]
[Round "8"]
[White "Rakhmanov, Alexander"]
[Black "Stearman, Josiah P"]
[Result "1-0"]
[WhiteElo "2585"]
[BlackElo "2443"]
[PlyCount "145"]
[EventDate "2024.12.30"]
[EventType "swiss (blitz)"]
[EventRounds "13"]
[EventCountry "USA"]
[SourceTitle "CB01_2025"]
[SourceDate "2025.01.01"]
[SourceVersion "1"]
[SourceVersionDate "2025.01.01"]
[SourceQuality "1"]

1. c4 Nf6 2. Nc3 g6 3. g3 Bg7 4. Bg2 0-0 5. d3 d6 6. h3 e5 7. e4 Nc6 8. Nge2 Nd7 9. 0-0 a5 10. f4 f5 11. Be3 Nd4 12. Qd2 Nc5 13. Kh2 c6 14. Rae1 Nce6 15. b3 Bd7 16. Bg1 exf4 17. gxf4 Qh4 18. Bf2 Qh6 19. Bg3 Rae8 20. Nxd4 Nxd4 21. Ne2 fxe4 22. dxe4 Rxe4 23. Nxd4 Rxd4 24. Qxa5 Bf5 25. Re7 Rd3 26. Qe1 Bc3 27. Qf2 Qh5 28. Qe2 Qh6 29. Qf2 Bd4 30. Qe1 Bc3 31. Qf2 Qh5 32. Qe2 Qxe2 33. Rxe2 Ra8 34. Bf3 Rd2 35. Rxd2 Bxd2 36. Rf2 Be3 37. Re2 Bd4 38. Bg4 Bb1 39. a4 Bf6 40. Rd2 Be7 41. h4 Bf5 42. Bf3 Kg7 43. Bf2 h5 44. Kg3 Rd8 45. Bb6 Rd7 46. a5 Bf6 47. Ra2 Re7 48. Re2 Rxe2 49. Bxe2 Bc2 50. b4 Bc3 51. b5 cxb5 52. cxb5 Be4 53. Bf3 Be1+ 54. Kg2 Bd3 55. Bxb7 Bxb5 56. a6 Bxa6 57. Bxa6 Bxh4 58. Bd4+ Bf6 59. Be3 d5 60. Bd3 d4 61. Bd2 Be7 62. Kf3 h4 63. Kg4 Bd8 64. Be1 Be7 65. Bxh4 Bb4 66. Bf2 Bc5 67. Be1 Kf6 68. Ba5 Be7 69. Bc4 Bc5 70. Bc7 Ke7 71. Be5 Bb6 72. Kg5 Ba5 73. Kxg6 1-0

[Event "Wch Blitz"]
[Site "New York"]
[Date "2024.12.30"]
[Round "6"]
[White "Rakhmanov, Alexander"]
[Black "Urazayev, Arystanbek"]
[Result "0-1"]
[WhiteElo "2585"]
[BlackElo "2470"]
[PlyCount "108"]
[EventDate "2024.12.30"]
[EventType "swiss (blitz)"]
[EventRounds "13"]
[EventCountry "USA"]
[SourceTitle "CB01_2025"]
[SourceDate "2025.01.01"]
[SourceVersion "1"]
[SourceVersionDate "2025.01.01"]
[SourceQuality "1"]

1. c4 e6 2. e4 c5 3. Nc3 Nc6 4. Nge2 Nd4 5. Nxd4 cxd4 6. Ne2 e5 7. Ng3 g6 8. Bd3 Bg7 9. Bc2 Ne7 10. 0-0 0-0 11. f4 exf4 12. Rxf4 d6 13. d3 Nc6 14. Rf1 Qh4 15. Ne2 Bg4 16. Qe1 Qxe1 17. Rxe1 Bxe2 18. Rxe2 h5 19. Bf4 Rad8 20. Rf1 Kh7 21. Bg5 f6 22. Bh4 Ne5 23. h3 Rc8 24. Bf2 Nc6 25. a3 a5 26. Ba4 f5 27. exf5 Rxf5 28. Bxc6 bxc6 29. b4 axb4 30. axb4 Rcf8 31. Rb1 Ra8 32. b5 cxb5 33. cxb5 Rf7 34. Bg3 Ra3 35. b6 Rb7 36. Bxd6 Rxd3 37. Re7 Rxe7 38. Bxe7 Be5 39. b7 Bb8 40. Bf6 Rd2 41. Re1 d3 42. Re8 Ba7+ 43. Kh2 g5 44. Ra8 Be3 45. b8Q Bf4+ 46. Qxf4 gxf4 47. Bg5 Rf2 48. Kg1 d2 49. Rd8 Re2 50. Kh2 f3 51. Rxd2 f2 52. Rd7+ Kg6 53. Rd1 Re1 54. Rd6+ Kxg5 0-1

[Event "Wch Blitz"]
[Site "New York"]
[Date "2024.12.30"]
[Round "7"]
[White "Thavandiran, Shiyam"]
[Black "Rakhmanov, Alexander"]
[Result "1/2-1/2"]
[WhiteElo "2410"]
[BlackElo "2585"]
[PlyCount "162"]
[EventDate "2024.12.30"]
[EventType "swiss (blitz)"]
[EventRounds "13"]
[EventCountry "USA"]
[SourceTitle "CB01_2025"]
[SourceDate "2025.01.01"]
[SourceVersion "1"]
[SourceVersionDate "2025.01.01"]
[SourceQuality "1"]

1. e4 c5 2. Nf3 Nf6 3. e5 Nd5 4. Nc3 Nxc3 5. dxc3 Nc6 6. Bf4 Qb6 7. Rb1 Qc7 8. Bd3 e6 9. Qe2 h6 10. h4 b6 11. a4 Bb7 12. Rh3 0-0-0 13. Ba6 d6 14. exd6 Bxd6 15. Bxd6 Qxd6 16. Bxb7+ Kxb7 17. h5 Rd7 18. Rg3 Rhd8 19. Rxg7 Qd5 20. Kf1 Qxh5 21. Kg1 a5 22. Re1 Qd5 23. Qe4 Qxe4 24. Rxe4 Rd1+ 25. Kh2 R8d7 26. Rf4 f5 27. Rxd7+ Rxd7 28. Rh4 e5 29. Rxh6 e4 30. Nh4 Rd2 31. Nxf5 Rxc2 32. Nd6+ Kc7 33. Nb5+ Kb7 34. Nd6+ Kc7 35. Nxe4 Rxb2 36. g4 Ne5 37. Kg3 Re2 38. f3 Re1 39. Rh7+ Kc6 40. Rh6+ Kc7 41. Kf4 Nd3+ 42. Kg5 Rf1 43. Rh7+ Kc6 44. Rh6+ Kc7 45. Rh7+ Kc6 46. Rf7 c4 47. Rf6+ Kc7 48. Nd6 Ne5 49. Nb5+ Kd7 50. f4 Nf3+ 51. Kg6 Ra1 52. Rxb6 Rxa4 53. f5 Ne5+ 54. Kg5 Ra1 55. Rd6+ Kc8 56. Re6 Nf3+ 57. Kf6 Rg1 58. Re4 Kb7 59. Rxc4 Kb6 60. Nd4 Nh2 61. Rc6+ Kb7 62. g5 Ng4+ 63. Ke7 Ne3 64. g6 Nxf5+ 65. Kd7 Nxd4 66. cxd4 Rg4 67. d5 a4 68. Rf6 a3 69. Ke6 a2 70. Rf1 Rxg6+ 71. Ke7 Rg7+ 72. Ke6 Rg2 73. d6 Re2+ 74. Kd7 Kb6 75. Kd8 Rh2 76. Rc1 Rh8+ 77. Kd7 Rh7+ 78. Ke6 Rh6+ 79. Ke7 Rh7+ 80. Ke6 Rh6+ 81. Ke7 Rh7+ 1/2-1/2

[Event "Wch Rapid"]
[Site "New York"]
[Date "2024.12.27"]
[Round "6"]
[White "Nepomniachtchi, Ian"]
[Black "Rakhmanov, Alexander"]
[Result "1-0"]
[WhiteElo "2758"]
[BlackElo "2561"]
[PlyCount "111"]
[EventDate "2024.12.26"]
[EventType "swiss (rapid)"]
[EventRounds "13"]
[EventCountry "USA"]
[SourceTitle "CB01_2025"]
[SourceDate "2025.01.01"]
[SourceVersion "1"]
[SourceVersionDate "2025.01.01"]
[SourceQuality "1"]

1. e4 d5 2. exd5 Qxd5 3. Nc3 Qd8 4. d4 Nf6 5. Nf3 Bg4 6. h3 Bxf3 7. Qxf3 c6 8. g4 h6 9. Be3 e6 10. a3 Nd5 11. Nxd5 Qxd5 12. Bg2 Bd6 13. 0-0 Qxf3 14. Bxf3 Nd7 15. c4 a6 16. b4 Ke7 17. Rfe1 Rac8 18. Rab1 Nf6 19. a4 b5 20. axb5 axb5 21. c5 Bb8 22. Ra1 Kd7 23. Ra6 Nd5 24. Bxd5 exd5 25. Rea1 g5 26. Kg2 f6 27. h4 gxh4 28. Kh3 h5 29. gxh5 Rxh5 30. Rb6 Rhh8 31. Rg1 Rcg8 32. Rb7+ Ke6 33. Re1 Kf5 34. Rb6 Rc8 35. Bd2 Bf4 36. Bxf4 Kxf4 37. Re6 f5 38. Rbxc6 Rxc6 39. Rxc6 Ke4 40. Rb6 Kxd4 41. Rxb5 Kc4 42. Rb7 Rc8 43. Kxh4 d4 44. Kg5 d3 45. Rd7 Kxb4 46. Rxd3 Rxc5 47. f4 Kc4 48. Rd6 Ra5 49. Rf6 Kd4 50. Rxf5 Ra8 51. Rf7 Ke4 52. Re7+ Kf3 53. f5 Rg8+ 54. Kh6 Kf4 55. f6 Kf5 56. f7 1-0

[Event "Julius Baer GenCup Pl/In"]
[Site "Chess.com INT"]
[Date "2024.09.25"]
[Round "2"]
[White "Kosteniuk, Alexandra"]
[Black "Rakhmanov, Alexander"]
[Result "1-0"]
[WhiteElo "2483"]
[BlackElo "2596"]
[PlyCount "159"]
[EventDate "2024.09.25"]
[EventType "swiss (rapid)"]
[EventRounds "9"]
[EventCountry "GER"]
[SourceTitle "EXT 2025"]
[Source "ChessBase"]
[SourceDate "2024.10.14"]
[SourceVersion "1"]
[SourceVersionDate "2024.10.14"]
[SourceQuality "1"]

1. e4 c5 2. d4 cxd4 3. Qxd4 Nc6 4. Qd3 g6 5. Nc3 Bg7 6. Nf3 d6 7. Be2 Nf6 8. 0-0 0-0 9. Nd5 Bg4 10. c3 a6 11. Bg5 Nd7 12. Qe3 Re8 13. h3 Bxf3 14. Bxf3 b5 15. a4 Rb8 16. axb5 axb5 17. b4 Qc8 18. Qd2 Nb6 19. Bg4 Qd8 20. Nxb6 Rxb6 21. f4 Qc7 22. Ra3 Rb7 23. Qd3 Rbb8 24. Kh1 Na7 25. Rc1 Nc8 26. Ra5 Na7 27. Bh4 Nc6 28. Raa1 Bh6 29. Bg3 Qb6 30. Rf1 Rb7 31. f5 Rf8 32. f6 Ne5 33. Bxe5 dxe5 34. fxe7 Rxe7 35. Ra5 Rb7 36. Be2 Qc7 37. Qd5 Rb6 38. Bxb5 Qxc3 39. Qc5 Qe3 40. Bc4 Bf4 41. Qxe3 Bxe3 42. b5 Rb7 43. Bd5 Rc7 44. Ra3 Bd4 45. Rb3 Rb8 46. Rfb1 Bb6 47. Kh2 Kg7 48. Rf1 h5 49. Rbf3 Rf8 50. Rf6 Be3 51. Rc6 Ra7 52. b6 Ra6 53. b7 Rxc6 54. Bxc6 Ba7 55. Bd5 f5 56. Rc1 Bb8 57. Rc6 f4 58. h4 Kh7 59. Rc3 Kg7 60. Be6 Ba7 61. Rc7+ Kf6 62. Bc8 Bb8 63. Rc6+ Kg7 64. Re6 Kf7 65. Ra6 Rd8 66. Ra8 Bd6 67. Be6+ Ke7 68. Bc8 Kf6 69. b8Q Bxb8 70. Rxb8 g5 71. Rb6+ Kg7 72. Bf5 g4 73. Rg6+ Kf7 74. Rg5 Rd2 75. Bg6+ Kf6 76. Bxh5 f3 77. Bxg4 Rxg2+ 78. Kh3 Re2 79. Bxf3 Re3 80. Kg3 1-0

[Event "Julius Baer GenCup Pl/In"]
[Site "Chess.com INT"]
[Date "2024.09.25"]
[Round "8"]
[White "Rakhmanov, Alexander"]
[Black "Onyshchuk, Volodymyr"]
[Result "1-0"]
[WhiteElo "2596"]
[BlackElo "2610"]
[PlyCount "119"]
[EventDate "2024.09.25"]
[EventType "swiss (rapid)"]
[EventRounds "9"]
[EventCountry "GER"]
[SourceTitle "EXT 2025"]
[Source "ChessBase"]
[SourceDate "2024.10.14"]
[SourceVersion "1"]
[SourceVersionDate "2024.10.14"]
[SourceQuality "1"]

1. c4 g6 2. Nc3 Bg7 3. g3 Nf6 4. Bg2 0-0 5. d4 d6 6. h3 Nc6 7. Nf3 e5 8. Be3 Bd7 9. Qd2 Re8 10. 0-0 Qe7 11. Rad1 Rad8 12. Rfe1 Qf8 13. Nd5 e4 14. Nxf6+ Bxf6 15. Ng5 Bxg5 16. Bxg5 f6 17. Be3 Qf7 18. d5 Ne5 19. b3 g5 20. Bd4 Qh5 21. g4 Qg6 22. f4 exf3 23. exf3 h5 24. Re3 Re7 25. Rde1 Rde8 26. c5 b6 27. cxd6 cxd6 28. Qb4 f5 29. gxh5 Qf6 30. Kh1 f4 31. R3e2 Kh7 32. Qc3 Kh6 33. Rg1 Qf7 34. Rge1 Qxd5 35. Qc2 Qf7 36. Kh2 Qxh5 37. Bxe5 Rxe5 38. Rxe5 Rxe5 39. Rxe5 dxe5 40. Qc7 Qe8 41. Qxa7 Qe6 42. Qb8 Kg7 43. Qd8 Kg6 44. a4 Be8 45. Bf1 e4 46. Bc4 Qe5 47. Qxb6+ Kh5 48. fxe4 f3+ 49. Kh1 Qg3 50. Qg1 Qxh3+ 51. Qh2 Kh4 52. a5 g4 53. a6 g3 54. Qxh3+ Kxh3 55. Bf1+ g2+ 56. Bxg2+ fxg2+ 57. Kg1 Kg3 58. e5 Kf4 59. e6 Ke5 60. e7 1-0

[Event "Julius Baer GenCup Pl/In"]
[Site "Chess.com INT"]
[Date "2024.09.25"]
[Round "3"]
[White "Rakhmanov, Alexander"]
[Black "Volokitin, Andrei"]
[Result "1-0"]
[WhiteElo "2596"]
[BlackElo "2660"]
[PlyCount "93"]
[EventDate "2024.09.25"]
[EventType "swiss (rapid)"]
[EventRounds "9"]
[EventCountry "GER"]
[SourceTitle "EXT 2025"]
[Source "ChessBase"]
[SourceDate "2024.10.14"]
[SourceVersion "1"]
[SourceVersionDate "2024.10.14"]
[SourceQuality "1"]

1. c4 Nf6 2. Nc3 e5 3. Nf3 Nc6 4. d4 exd4 5. Nxd4 Bb4 6. Bg5 h6 7. Bh4 0-0 8. e3 Ne5 9. Qb3 c5 10. Nc2 Bxc3+ 11. Qxc3 d6 12. f3 Bf5 13. Be2 Ne4 14. Bxd8 Nxc3 15. bxc3 Raxd8 16. e4 Be6 17. Ne3 f5 18. f4 Ng4 19. Nxf5 Bxf5 20. exf5 Rde8 21. Kd2 Nf2 22. Rhf1 Ne4+ 23. Kd3 Rxf5 24. g3 d5 25. Rae1 dxc4+ 26. Kc2 b5 27. Bf3 Nd6 28. Rxe8+ Nxe8 29. Rd1 Kf8 30. Bc6 Rf6 31. Bxb5 Nd6 32. Ba4 g5 33. Rd5 gxf4 34. gxf4 Ke7 35. Re5+ Kd8 36. Rxc5 Rxf4 37. Rd5 Ke7 38. Rd2 Rf3 39. Bc6 Re3 40. Bd5 Kf6 41. Rf2+ Ke5 42. Bc6 Ne4 43. Bxe4 Kxe4 44. Rd2 Ke5 45. Kb2 h5 46. Rc2 h4 47. Ka3 1-0

[Event "Julius Baer GenCup Pl/In"]
[Site "Chess.com INT"]
[Date "2024.09.25"]
[Round "5"]
[White "Rakhmanov, Alexander"]
[Black "Wagner, Dennis"]
[Result "1-0"]
[WhiteElo "2596"]
[BlackElo "2617"]
[PlyCount "115"]
[EventDate "2024.09.25"]
[EventType "swiss (rapid)"]
[EventRounds "9"]
[EventCountry "GER"]
[SourceTitle "EXT 2025"]
[Source "ChessBase"]
[SourceDate "2024.10.14"]
[SourceVersion "1"]
[SourceVersionDate "2024.10.14"]
[SourceQuality "1"]

1. c4 Nf6 2. Nc3 c5 3. g3 e6 4. Nf3 d5 5. cxd5 exd5 6. d4 Nc6 7. Bg2 cxd4 8. Nxd4 Bc5 9. e3 Nxd4 10. exd4 Bb6 11. 0-0 h6 12. Bf4 0-0 13. Be5 Be6 14. h3 Rc8 15. Kh2 Ba5 16. Nb5 Qb6 17. a4 Ne4 18. Bxe4 dxe4 19. Bd6 Rfd8 20. b4 a6 21. Bc5 axb5 22. Bxb6 Bxb6 23. axb5 Rxd4 24. Qe2 Bc4 25. Qc2 Be6 26. Qb2 Rcd8 27. Rae1 Bc4 28. Qc1 Bxb5 29. Rg1 Rd2 30. Rg2 Bxf2 31. Rxe4 Bc6 32. Qc4 Bxe4 33. Qxe4 Bb6 34. Qxb7 Be3 35. Rxd2 Rxd2+ 36. Kh1 g6 37. b5 Rb2 38. Qb8+ Kh7 39. Qe5 Rb3 40. Qd5 Rb1+ 41. Kg2 Kg8 42. Qd8+ Kg7 43. Qe8 Rb2+ 44. Kf3 Bd4 45. Qd7 Bf6 46. h4 h5 47. Qd5 Rb4 48. Qc5 Rb3+ 49. Kg2 Rb2+ 50. Kh3 Bd8 51. Qd6 Bf6 52. b6 Rb1 53. Kg2 Rb2+ 54. Kf1 Rb1+ 55. Ke2 Rb3 56. Qc7 Rb5 57. b7 Be5 58. b8Q 1-0

[Event "Julius Baer GenCup Pl/In"]
[Site "Chess.com INT"]
[Date "2024.09.25"]
[Round "4"]
[White "Sargissian, Gabriel"]
[Black "Rakhmanov, Alexander"]
[Result "1-0"]
[WhiteElo "2646"]
[BlackElo "2596"]
[PlyCount "95"]
[EventDate "2024.09.25"]
[EventType "swiss (rapid)"]
[EventRounds "9"]
[EventCountry "GER"]
[SourceTitle "EXT 2025"]
[Source "ChessBase"]
[SourceDate "2024.10.14"]
[SourceVersion "1"]
[SourceVersionDate "2024.10.14"]
[SourceQuality "1"]

1. d4 Nf6 2. c4 d6 3. Nf3 g6 4. Nc3 Bf5 5. Qb3 Qc8 6. Nh4 Bd7 7. e4 Nc6 8. Nf3 e5 9. d5 Nd4 10. Qd1 Bg7 11. Nxd4 exd4 12. Qxd4 0-0 13. Be2 Re8 14. Qd3 a6 15. 0-0 b5 16. f3 bxc4 17. Qxc4 Qb7 18. Kh1 c6 19. dxc6 Bxc6 20. Rd1 d5 21. exd5 Nxd5 22. Ne4 Nb6 23. Qb4 a5 24. Qd2 Qe7 25. Qg5 f6 26. Qe3 Rab8 27. Qb3+ Kh8 28. Bf4 Ba4 29. Qe3 Bxd1 30. Rxd1 f5 31. Bxb8 Rxb8 32. Qc5 Qe6 33. Qc7 Rf8 34. Nc3 Na4 35. Bc4 Qb6 36. Qxb6 Nxb6 37. Bb3 Rc8 38. Rd6 Bxc3 39. bxc3 Rxc3 40. h4 Nc8 41. Rd8+ Kg7 42. Rd7+ Kh8 43. Rd5 f4 44. Rxa5 Ne7 45. Ra4 g5 46. hxg5 Ng6 47. Ra8+ Kg7 48. Rg8# 1-0

[Event "Titled Tuesday intern op 17th Sep Early"]
[Site "Chess,com INT"]
[Date "2024.09.17"]
[Round "9"]
[White "Rakhmanov, Alexander"]
[Black "Karttunen, Mika"]
[Result "1-0"]
[WhiteElo "2596"]
[BlackElo "2479"]
[PlyCount "113"]
[EventDate "2024.09.17"]
[EventType "swiss (blitz)"]
[EventRounds "11"]
[EventCountry "USA"]
[SourceTitle "EXT 2025"]
[Source "ChessBase"]
[SourceDate "2024.10.14"]
[SourceVersion "1"]
[SourceVersionDate "2024.10.14"]
[SourceQuality "1"]

1. d4 Nf6 2. c4 e6 3. Nc3 d5 4. cxd5 exd5 5. Bg5 Bb4 6. e3 h6 7. Bxf6 Qxf6 8. Bd3 c6 9. h3 0-0 10. Qc2 Bd6 11. Nge2 a5 12. a3 Qg5 13. Kf1 f5 14. h4 Qh5 15. Kg1 Nd7 16. Nf4 Bxf4 17. exf4 Nf6 18. Re1 Ne4 19. f3 Nd6 20. Kf2 Bd7 21. Re5 Qf7 22. Na4 Rae8 23. Qc3 b5 24. Nc5 a4 25. Rhe1 Bc8 26. Qa5 Rxe5 27. fxe5 Ne4+ 28. Kg1 Nxc5 29. dxc5 Qe7 30. Qb4 f4 31. e6 Bxe6 32. Qd4 Rf6 33. Re5 Kf7 34. h5 Kf8 35. Bg6 Qd7 36. Kh1 Ke7 37. Qd2 Kd8 38. Qe1 Kc8 39. Qa5 Qc7 40. Qa8+ Kd7 41. Qh8 Qd8 42. Qxg7+ Qe7 43. Qxh6 Kc7 44. Qg5 Qf8 45. Re1 d4 46. Qe5+ Kb7 47. Qxd4 Bd5 48. Qe5 Re6 49. Qc3 Rxe1+ 50. Qxe1 Qf6 51. Kg1 Qxb2 52. Qe7+ Ka6 53. Kh2 Qd4 54. h6 b4 55. h7 bxa3 56. Qd8 a2 57. Qb6# 1-0

[Event "Titled Tuesday intern op 17th Sep Early"]
[Site "Chess,com INT"]
[Date "2024.09.17"]
[Round "6"]
[White "Rakhmanov, Alexander"]
[Black "Makarian, Rudik"]
[Result "1-0"]
[WhiteElo "2596"]
[BlackElo "2550"]
[PlyCount "123"]
[EventDate "2024.09.17"]
[EventType "swiss (blitz)"]
[EventRounds "11"]
[EventCountry "USA"]
[SourceTitle "EXT 2025"]
[Source "ChessBase"]
[SourceDate "2024.10.14"]
[SourceVersion "1"]
[SourceVersionDate "2024.10.14"]
[SourceQuality "1"]

1. c4 e6 2. Nc3 d5 3. d4 Nf6 4. cxd5 exd5 5. Bg5 c6 6. e3 Bf5 7. Qf3 Bg6 8. Bxf6 Qxf6 9. Qxf6 gxf6 10. Nf3 a5 11. Nh4 a4 12. a3 b5 13. Kd2 Nd7 14. f4 f5 15. Bd3 Nb6 16. Rae1 b4 17. axb4 Bxb4 18. Kc2 Kd7 19. Ra1 Rhb8 20. Ra2 a3 21. bxa3 Bxc3 22. Kxc3 Na4+ 23. Kc2 c5 24. dxc5 Nxc5 25. Nf3 Nxd3 26. Kxd3 Rb3+ 27. Kd2 Raxa3 28. Rxa3 Rxa3 29. Rc1 Kd6 30. Nd4 Ra2+ 31. Rc2 Rxc2+ 32. Kxc2 Kc5 33. Kc3 h6 34. h4 Bh7 35. h5 Kd6 36. Kb4 Ke7 37. Kc5 Kf6 38. Kd6 Bg8 39. g3 Bh7 40. Kd7 Kg7 41. Ke7 f6 42. Ne6+ Kh8 43. Kxf6 Bg8 44. Kxf5 Bf7 45. g4 Kh7 46. Kf6 Be8 47. Nf8+ Kg8 48. Ng6 Kh7 49. Ne7 Kh8 50. Nxd5 Kh7 51. Ke5 Kh8 52. Nf6 Ba4 53. e4 Bc2 54. Ke6 Bb3+ 55. Ke7 Kg7 56. e5 Bc4 57. e6 Bb5 58. f5 Be2 59. Ne8+ Kh8 60. f6 Kh7 61. f7 Bxg4 62. f8Q 1-0